Clinical Aspect of Dental Materials: theory, practice, and cases (Record no. 5515)

MARC details
000 -LEADER
fixed length control field 00632nam a22002177a 4500
003 - CONTROL NUMBER IDENTIFIER
control field OSt
005 - DATE AND TIME OF LATEST TRANSACTION
control field 20170208135008.0
008 - FIXED-LENGTH DATA ELEMENTS--GENERAL INFORMATION
fixed length control field 170208b xxu||||| |||| 00| 0 eng d
020 ## - INTERNATIONAL STANDARD BOOK NUMBER
International Standard Book Number 9781609139650
040 ## - CATALOGING SOURCE
Transcribing agency DNLM
082 ## - DEWEY DECIMAL CLASSIFICATION NUMBER
Classification number WU26 G45c 2013
100 ## - MAIN ENTRY--PERSONAL NAME
Personal name Stewart, Marcia G.; Bagby, Michael
9 (RLIN) 11507
245 ## - TITLE STATEMENT
Title Clinical Aspect of Dental Materials: theory, practice, and cases
250 ## - EDITION STATEMENT
Edition statement 4h ed.
260 ## - PUBLICATION, DISTRIBUTION, ETC. (IMPRINT)
Place of publication, distribution, etc. Philadelphia; Wolters Kluwer, 2013
300 ## - PHYSICAL DESCRIPTION
Extent xiv,514p; col.ill: 28cm
504 ## - BIBLIOGRAPHY, ETC. NOTE
Bibliography, etc Appendices, & index included
650 ## - SUBJECT ADDED ENTRY--TOPICAL TERM
Topical term or geographic name as entry element Dental materials
9 (RLIN) 4135
650 ## - SUBJECT ADDED ENTRY--TOPICAL TERM
Topical term or geographic name as entry element Dental care
9 (RLIN) 11394
942 ## - ADDED ENTRY ELEMENTS (KOHA)
Source of classification or shelving scheme Other/Generic Classification Scheme
Koha item type Open Shelf

No items available.